| 000 | 00595nam a2200157 a 4500 | ||
|---|---|---|---|
| 008 | 120416s1980 ||||||||||||||||| || u | ||
| 050 | _aGN 654 Dro | ||
| 100 | _aDroogers, Andre | ||
| 245 | 1 | 4 | _aThe dangerous journey: symbolic aspects of boy's initiation among the Wagenia of Kisanangani, Zaire |
| 260 |
_aThe Hague _bMouton _c1980 |
||
| 300 | _axx, 416p. : ill. | ||
| 350 | _a0.00 | ||
| 650 | _aETHICS--INITIATIONS--ZAIRE | ||
| 650 | 0 | _aETHICS | |
| 995 |
_D0.00 _FCBU-MAIN LIBRARY (Kitwe) _H1 _I0.00 _M1 _UDAMAGED _ZMain Library Open Access Collection |
||
| 999 |
_c39377 _d39377 |
||